Länder Südasiens - Statistiken

Allgemein
  • Dieses Quiz wurde 24 mal gespielt
  • Das Durchschnittsergebnis liegt bei 6 aus 8
Antwortstatistiken
Land % Korrekt
Indien
100%
Pakistan
84%
Bangladesch
79%
Malediven
68%
Nepal
68%
Sri lanka
68%
Afghanistan
63%
Bhutan
63%
Keine übereinstimmenden Quizze gefunden
Verteilung der Resultate
Anzahl Personen mit jedem Resultat
Perzentil nach korrekt beantworteten Fragen
Ihre Resultats-Entwicklung
Sie haben dieses Quiz noch nicht gespielt